000 01034cam a22002055a 4500
001 L137977
008 070510s2007 xxkd f s f000 0 eng d
035 _a(Sirsi) u137977
041 0 _aeng
050 0 4 _a711.73 $2 18
110 2 _aUnited Kingdom
_bDepartment for Communities and Local Government
_94939
245 0 0 _aResidential car parking research
_h[electronic resource]
260 _aLondon
_bDCLG
_c2007
520 _aReports on research aimed at estimating future levels of car ownership. Significant factors which have an influence on ownership and parking needs are considered. These include dwelling type and location, and the availability of parking amenities. Includes statistics and examples to show how car parking needs can be calculated.
590 _aKA
651 4 _aEngland and Wales
_y1543-
690 _aPROPERTY-INFRASTRUCTURE-TRANSPORT INFRASTRUCTURE-ROAD INFRASTRUCTURE
856 4 0 _uhttps://www.communities.gov.uk/index.asp?id=1510293
_zView the item for free at www.communities.gov.uk...
942 _n0
999 _c106959
_d106959